| 000 | 01300cam a2200325 a 4500 | ||
|---|---|---|---|
| 001 | 15312870 | ||
| 003 | 20170113102909.0 | ||
| 005 | 20240606080922.0 | ||
| 008 | 080602s2010 maua 000 0 eng | ||
| 010 | _a 2008024478 | ||
| 020 | _a9780321575692 (student edition) | ||
| 020 | _a0321575695 (student edition) | ||
| 020 | _a9780321576057 (annotated instructor's edition) | ||
| 020 | _a0321576055 (annotated instructor's edition) | ||
| 040 |
_aDLC _cDLC _dDLC |
||
| 050 | 0 | 0 |
_aQA152.3 _b.L56 2010 |
| 082 | 0 | 0 |
_a512.9 _222 |
| 100 | 1 | _aLial, Margaret L. | |
| 245 | 1 | 0 |
_aIntroductory and intermediate algebra/ _bMargaret L. Lial, John Hornsby, Terry McGinnis. |
| 250 | _a4th ed. | ||
| 260 |
_aBoston, MA : _bPearson Education, _c2010. |
||
| 300 |
_axviii, 1010 p. : _bill. (some col.) ; _c28 cm.+ _e2 CD-ROMs (4 3/4 in.) |
||
| 650 | 0 |
_aAlgebra _vTextbooks. |
|
| 700 | 1 |
_aHornsby, John, _d1949- |
|
| 700 | 1 | _aMcGinnis, Terry. | |
| 856 | 4 | 1 |
_3Table of contents only _uhttp://www.loc.gov/catdir/toc/ecip0820/2008024478.html |
| 906 |
_a7 _bcbc _corignew _d1 _eecip _f20 _gy-gencatlg |
||
| 942 |
_2lcc _cBK |
||
| 999 |
_c3793 _d3793 |
||